Statystyki dla Partie polityczne (siepień 2023)

Kliknij tutaj aby rozwiązać quiz!

Ogólne statystyki

  • Ten quiz został rozwiązany 216 razy
  • Średni wynik to 10 z 22

Statystyki odpowiedzi

PartiaKoalicjaLider% Poprawnych
Prawo i SprawiedliwośćZjednoczona PrawicaJarosław Kaczyński
100%
Platforma ObywatelskaKoalicja ObywatelskaDonald Tusk
94%
Polska 2050Trzecia DrogaSzymon Hołownia
88%
Ruch NarodowyKonfederacja:
Wolność i Niepodległość
Krzysztof Bosak
84%
Nowa NadziejaKonfederacja:
Wolność i Niepodległość
Sławomir Mentzen
82%
Polskie Stronnictwo LudoweKoalicja Polska (od 15
października - Trzecia Droga)
Władysław Kosiniak-Kamysz
82%
Suwerenna PolskaZjednoczona PrawicaZbigniew Ziobro
81%
Konfederacja Korony
Polskiej
Konfederacja:
Wolność i Niepodległość
Grzegorz Braun
72%
Nowa LewicaLewicaRobert Biedroń i Włodzimierz Czarzasty
71%
Lewica RazemLewicaMagdalena Biejat i Adrian Zandberg
57%
Inicjatywa PolskaKoalicja ObywatelskaBarbara Nowacka
36%
Partia RepublikańskaZjednoczona PrawicaAdam Bielan
32%
.NowoczesnaKoalicja ObywatelskaAdam Szłapka
26%
Kukiz'15Zjednoczona PrawicaJarosław Sachajko
18%
PorozumienieKoalicja Polska (od 15
października - Trzecia Droga)
Magdalena Sroka
17%
Partia ZieloniKoalicja ObywatelskaPrzemysław Słowik i Urszula Zielińska
17%
Polska Partia SocjalistycznaLewica DemokratycznaWojciech Konieczny
12%
Dobry RuchKoalicja Polska (od 15
października - Trzecia Droga)
Paweł Szramka
10%
Polskie SprawyZjednoczona PrawicaAgnieszka Ścigaj
9%
Centrum dla PolskiKoalicja Polska (od 15
października - Trzecia Droga)
Ireneusz Raś
5%
Unia Europejskich
Demokratów
Koalicja Polska (od 15
października - Trzecia Droga)
Elżbieta Bińczycka
3%
Konfederacja:
Wolność i Niepodległość
Konfederacja:
Wolność i Niepodległość
Rada Liderów
3%

Rozkład punktacji

Percentyl według liczby udzielonych odpowiedzi

Procent ludzi z każdym wynikiem

Twoja historia wyników

Nie rozwiązałeś tego quizu